Использование математического моделирования при проектировании и анализе запроектных и аварийных процессов в ядерных энергетических установках (Запись № 13658645)

Подробности
000 -МАРКЕР
контрольное поле 03504nam0a2200397 4500
001 - ИДЕНТИФИКАТОР ЗАПИСИ
контрольное поле RU\NLR\BIBL_A\022102089
005 - ИДЕНТИФИКАТОР ВЕРСИИ
контрольное поле 20260419235634.0
010 ## - МЕЖДУНАРОДНЫЙ СТАНДАРТНЫЙ НОМЕР КНИГИ (ISBN)
Номер (ISBN) 978-5-502-01650-6
Тираж 100
021 ## - НОМЕР ГОСУДАРСТВЕННОЙ РЕГИСТРАЦИИ
Код страны Российская Федерация
Номер КН-П-23-075005
Номер Листа государственной регистраци КН-П-23-7578
035 ## - ДРУГИЕ СИСТЕМНЫЕ НОМЕРА
Идентификатор записи (NLR Aleph) 022102089
035 ## - ДРУГИЕ СИСТЕМНЫЕ НОМЕРА
Идентификатор записи (RuMoRGB)012306597
100 ## - ДАННЫЕ ОБЩЕЙ ОБРАБОТКИ
Данные общей обработки 20231222d2023 u y0rusy50 ca
101 0# - ЯЗЫК РЕСУРСА
Язык текста, звукозаписи и т.д. русский
102 ## - СТРАНА ПУБЛИКАЦИИ ИЛИ ПРОИЗВОДСТВА
Страна публикации Российская Федерация
105 ## - ПОЛЕ КОДИРОВАННЫХ ДАННЫХ: ТЕКСТОВЫЕ МАТЕРИАЛЫ, МОНОГРАФИЧЕСКИЕ
Кодированные данные о монографическом текстовом документе a|||j 000yy
181 #0 - ПОЛЕ КОДИРОВАННЫХ ДАННЫХ: ВИД СОДЕРЖАНИЯ
Код вида содержания (ISBD) i
Код характеристики содержания (ISBD) axxe
182 #0 - ПОЛЕ КОДИРОВАННЫХ ДАННЫХ: ТИП СРЕДСТВА
Код типа средства (ISBD) n - непосредственное
200 1# - ЗАГЛАВИЕ И СВЕДЕНИЯ ОБ ОТВЕТСТВЕННОСТИ
Основное заглавие Использование математического моделирования при проектировании и анализе запроектных и аварийных процессов в ядерных энергетических установках
Сведения, относящиеся к заглавию учебное пособие для студентов специальностей 14.05.02 "Атомные станции
-- проектирование, эксплуатация и инжиниринг", а также направления подготовки магистратуры 14.04.01 "Ядерная энергетика и теплофизика"
Первые сведения об ответственности Л. В. Смирнов
Последующие сведения об ответственности Министерство науки и высшего образования Российской Федерации, Федеральное государственное бюджетное образовательное учреждение высшего образования "Нижегородский государственный технический университет им. Р. Е. Алексеева"
203 ## - ВИД СОДЕРЖАНИЯ И ТИП СРЕДСТВА
Вид содержания Текст
Дополнительные сведения об издании визуальный
Тип средства непосредственный
210 ## - ПУБЛИКАЦИЯ, РАСПРОСТРАНЕНИЕ И ДР.
Место издания, распространения и т.д. Нижний Новгород
Имя издателя, распространителя и т. д. Нижегородский государственный технический университет
Дата издания, распространения и т.д. 2023
215 ## - ФИЗИЧЕСКАЯ ХАРАКТЕРИСТИКА
Специфическое обозначение материала и объем 63 с.
Другие сведения о физической характеристике ил., портр.
Размеры 20
313 ## - ПРИМЕЧАНИЯ, ОТНОСЯЩИЕСЯ К ТЕМАТИЧЕСКОМУ ДОСТУПУ
Текст примечания Рассмотрены примеры аварий на Чернобыльской АЭС и на Саяно-Шушенской ГЭС, технич. особенности, причины и характер развития этих аварий.
320 ## - ПРИМЕЧАНИЯ О НАЛИЧИИ В ДОКУМЕНТЕ БИБЛИОГРАФИИ / УКАЗАТЕЛЯ
Текст примечания Библиогр.: с. 60-62
601 02 - НАИМЕНОВАНИЕ ОРГАНИЗАЦИИ КАК ПРЕДМЕТ
Начальный элемент ввода Чернобыльская атомная электрическая станция
Идентифицирующий признак Припять, город; Украина
Формальный подзаголовок Учебные издания для высших учебных заведений
Тематический подзаголовок Авария
-- Математическое моделирование
Системный номер авторитетной/нормативной записи 2416959
Идентификатор авторитетной/нормативной записи RU\NLR\AUTH\661439648
601 02 - НАИМЕНОВАНИЕ ОРГАНИЗАЦИИ КАК ПРЕДМЕТ
Начальный элемент ввода Саяно-Шушенская ГЭС
Формальный подзаголовок Учебные издания для высших учебных заведений
Тематический подзаголовок Авария
-- Математическое моделирование
Системный номер авторитетной/нормативной записи 2596415
Идентификатор авторитетной/нормативной записи RU\NLR\AUTH\6601743510
606 1# - НАИМЕНОВАНИЕ ТЕМЫ КАК ПРЕДМЕТ
Наименование темы Ядерные реакторы
Формальный подзаголовок Учебные издания для высших учебных заведений
Тематический подзаголовок Физические процессы
-- Математическое моделирование
Системный номер авторитетной/нормативной записи 2528950
Идентификатор авторитетной/нормативной записи RU\NLR\AUTH\6601712052
686 1# - ИНДЕКСЫ ДРУГИХ КЛАССИФИКАЦИЙ
Индекс З46-01с116я73-1
686 1# - ИНДЕКСЫ ДРУГИХ КЛАССИФИКАЦИЙ
Индекс З474.23-082.03я73-1
686 1# - ИНДЕКСЫ ДРУГИХ КЛАССИФИКАЦИЙ
Индекс З57-082.03я73-1
700 #1 - ИМЯ ЛИЦА - ПЕРВИЧНАЯ ОТВЕТСТВЕННОСТЬ
Графика поля Кириллица
Материалы, к которым относится поле rus
Начальный элемент ввода Смирнов
Часть имени, кроме начального элемента ввода Л. В.
Дополнения к именам, кроме дат д-р техн. наук
Даты 1934-
Расширение инициалов личного имени Лев Васильевич
Системный номер авторитетной/нормативной записи 21491
Идентификатор авторитетной/нормативной записи RU\NLR\AUTH\7738507
856 4# - МЕСТОНАХОЖДЕНИЕ ЭЛЕКТРОННЫХ РЕСУРОВ И ДОСТУП К НИМ
Тип электронного формата (Electronic Format Type) application/pdf
Размер файла (File size) [65] с.
Универсальный идентификатор ресурса (Uniform Resource Identifier) http://dlib.rsl.ru/rsl01012000000/rsl01012306000/rsl01012306597/rsl01012306597.pdf
Тип доступа (Access method) Читать
942 ## - ДОПОЛНИТЕЛЬНЫЕ ЭЛЕМЕНТЫ ЗАПИСИ (АБИС)
Тип экземпляра АБИС Книга
980 ## - КОЛЛЕКЦИЯ
Название коллекции Национальная библиография

Нет доступных экземпляров.